000 00747nam a22002177a 4500
003 OSt
005 20250621033234.0
008 250621b |||||||| |||| 00| 0 eng d
020 _a978-621-427-198-6
040 _aDWCL-Main Lib
_cOC
082 _aFil. 658.4012 C183s 2024
100 _aCamilar - Serrano, Angelita Ong
245 _aStrategic operations management/
_cAngelita Ong Camilar - Serrano
250 _aSecond edition
260 _aIntramuros, Manila:
_bUnlimited Books Library Services & Publishing Inc.,
_cc2024.
300 _ax, 256 pages;
_c25cm.
504 _aIncludes bibliographical references.
650 _a1. Strategic planning.
650 _a 2. Production management.
942 _2ddc
_cBK - FIL
_eSecond edition
_kFil.
_n0
999 _c3223
_d3223